| 000 | 00478nam a2200109Ia 4500 | ||
|---|---|---|---|
| 008 | 160909s9999 xx 000 0 und d | ||
| 100 | _aCesarini, Thomas Joseph, | ||
| 245 | 4 | _aThe multiple meanings of San Diego's Little Italy: A study of the impact of real and symbolic space and boundaries on the ethnic identities of eight Italian Americans | |
| 260 |
_bUniversity of San Diego. _c2016 |
||
| 650 | _aTOURISM | ||
| 856 | _uhttp://pqdtopen.proquest.com/doc/1799049227.html?FMT=ABS | ||
| 999 |
_c304886 _d304886 |
||